La sculpture tournaisienne. (Record no. 6505)

MARC details
000 -LEADER
fixed length control field 00708cam a22002291 4500
001 - CONTROL NUMBER
control field af 49000160
003 - CONTROL NUMBER IDENTIFIER
control field DLC
005 - DATE AND TIME OF LATEST TRANSACTION
control field 20260227110914.0
008 - FIXED-LENGTH DATA ELEMENTS--GENERAL INFORMATION
fixed length control field 840223s1944 be f b 000 0 fre c
010 ## - LIBRARY OF CONGRESS CONTROL NUMBER
LC control number af 49000160
035 ## - SYSTEM CONTROL NUMBER
System control number (OCoLC)10450626
040 ## - CATALOGING SOURCE
Original cataloging agency New York. Public Libr.
Transcribing agency DSI
Modifying agency DLC
050 00 - LIBRARY OF CONGRESS CALL NUMBER
Classification number NB671.T6
Item number R6
100 1# - MAIN ENTRY--PERSONAL NAME
Personal name Rolland, Paul,
Dates associated with a name 1896-
245 13 - TITLE STATEMENT
Title La sculpture tournaisienne.
260 ## - PUBLICATION, DISTRIBUTION, ETC.
Place of publication, distribution, etc. [Bruxelles]
Name of publisher, distributor, etc. Éditions du Cercle d'art,
Date of publication, distribution, etc. 1944.
300 ## - PHYSICAL DESCRIPTION
Extent 34 p.
Other physical details 32 plates.
Dimensions 25 cm.
440 #2 - SERIES STATEMENT/ADDED ENTRY--TITLE
Title L'Art en Belgique
500 ## - GENERAL NOTE
General note Each plate accompanied by guard sheet with descriptive letterpress.
504 ## - BIBLIOGRAPHY, ETC. NOTE
Bibliography, etc. note "Bibliographie": p. 31-34.
650 #0 - SUBJECT ADDED ENTRY--TOPICAL TERM
Topical term or geographic name entry element Sculpture
Geographic subdivision Belgium
-- Tournai.

No items available.

Powered by Koha